000
00294nam a22001337a 4500
001
1921
003
OSt
005
20260408124304.0
008
260408b |||||||| |||| 00| 0 eng d
040
_b
eng
_c
self
100
_a
Ranganathan,S.R.
245
_a
Library classificaton
942
_2
ddc
_c
BOOK
_n
1
999
_c
1921
_d
1921